[Event "TCh-CHN 2019"]
[Site "China CHN"]
[Date "2019.12.04"]
[Round "19.3"]
[Board "5"]
[White "Lei, Tingjie"]
[Black "Zhao, Shengxin"]
[Result "1-0"]
[WhiteTitle "GM"]
[BlackTitle "WFM"]
[WhiteElo "2483"]
[BlackElo "2093"]
[WhiteTeam "Chongqing Sports lottery chess team"]
[BlackTeam "Hangzhou Hongda team"]
[WhiteFideId "8605114"]
[BlackFideId "8608040"]
[EventDate "2019.04.09"]

1. e4 c5 2. Nf3 Nc6 3. d4 cxd4 4. Nxd4 Nf6 5. Nc3 e5 6. Ndb5 d6 7. Bg5 a6 8. Na3
b5 9. Bxf6 gxf6 10. Nd5 f5 11. c3 Bg7 12. Bd3 Be6 13. Qh5 f4 14. Nc2 O-O 15. g3
f5 16. gxf4 Bxd5 17. exd5 e4 18. Bxe4 Qe8 19. Qxe8 Raxe8 20. O-O-O fxe4 21. dxc6
Bh6 22. Ne3 Bxf4 23. Kc2 Bxe3 24. fxe3 Rf6 25. Rd4 Rc8 26. Rxe4 Rxc6 27. Re7
Rf2+ 28. Kb3 h5 29. Rg1+ Kf8 30. Rgg7 Rxh2 31. Ref7+ Ke8 32. Ra7 Kf8 33. Rgd7
Rc8 34. Rxd6 Re8 35. Rf6+ Kg8 36. Rfxa6 Rxe3 37. Rb6 Kf8 38. Rxb5 Re8 39. Rh7 h4
40. Rh8+ 1-0

[Event "TCh-CHN 2019"]
[Site "China CHN"]
[Date "2019.12.04"]
[Round "19.4"]
[Board "2"]
[White "Li, Chao b"]
[Black "Nie, Xinyang"]
[Result "1/2-1/2"]
[WhiteTitle "GM"]
[WhiteElo "2690"]
[BlackElo "2348"]
[WhiteTeam "Beijing team"]
[BlackTeam "Chongqing Jiulongpo Yucai Chess team"]
[WhiteFideId "8604436"]
[BlackFideId "8607222"]
[EventDate "2019.04.09"]

1. d4 d5 2. c4 e6 3. Nc3 a6 4. cxd5 exd5 5. Qb3 c5 6. e4 dxe4 7. Bc4 Qd7 8. Nxe4
cxd4 9. Nf3 b5 10. Bd5 Nc6 11. Neg5 Nh6 12. O-O Na5 13. Bxf7+ Qxf7 14. Re1+ Be7
15. Qa3 Nc4 16. Qc5 Qf6 17. Rxe7+ Qxe7 18. Qc6+ Qd7 19. Qxa8 O-O 20. b3 Nb6 21.
Qe4 Nf5 22. Bb2 h6 23. Ne5 Qb7 24. Qxb7 Bxb7 25. Ngf3 Nd5 26. Rc1 Nf4 27. Rc7
Be4 28. Kf1 Nxg2 29. Kxg2 Nh4+ 30. Kg3 Nxf3 31. Nd7 Rd8 32. Nc5 Bd5 33. b4 Rd6
34. h3 Rg6+ 35. Kf4 Rf6+ 36. Kg3 1/2-1/2

[Event "TCh-CHN 2019"]
[Site "China CHN"]
[Date "2019.12.04"]
[Round "19.4"]
[Board "3"]
[White "Wang, Yiye"]
[Black "Naiditsch, Arkadij"]
[Result "1/2-1/2"]
[WhiteTitle "IM"]
[BlackTitle "GM"]
[WhiteElo "2444"]
[BlackElo "2617"]
[WhiteTeam "Beijing team"]
[BlackTeam "Chongqing Jiulongpo Yucai Chess team"]
[WhiteFideId "8606021"]
[BlackFideId "4650891"]
[EventDate "2019.04.09"]

1. Nf3 Nf6 2. g3 b5 3. Bg2 Bb7 4. Na3 a6 5. c4 e5 6. b3 e4 7. Nd4 h5 8. Bb2 h4
9. d3 d5 10. cxd5 Nxd5 11. dxe4 Bb4+ 12. Kf1 Nc3 13. Qd3 c5 14. Nac2 cxd4 15.
Nxb4 h3 16. Bf3 O-O 17. Nd5 Nc6 18. Nxc3 Ne5 19. Qd2 dxc3 20. Qxc3 f6 21. Qe3
Nxf3 22. exf3 Rc8 23. Bc3 Rf7 24. Ke2 b4 25. Rhd1 Qa5 26. Bb2 f5 27. e5 Rc2+ 28.
Rd2 f4 29. gxf4 Qb5+ 30. Ke1 Rxd2 31. Qxd2 Bxf3 32. Rc1 Rxf4 33. Rc4 Rxc4 34.
bxc4 Qxc4 35. Qe3 Qg4 36. Qd4 Qe6 37. Qd8+ Kf7 38. Qc7+ Kg6 39. Qd6 Bd5 40. Qxb4
Qf5 41. Qd6+ Be6 42. Qd4 Qc2 43. Bc3 Qxa2 44. Qd3+ Bf5 45. Qg3+ Kf7 46. e6+
Qxe6+ 47. Qe5 Qg6 48. Qc7+ Kg8 49. Qd8+ Kh7 50. Qh4+ Qh6 51. Qxh6+ Kxh6 52. Be5
a5 53. Kd2 a4 54. Kc3 g5 55. Kb4 Bd7 56. Bg3 Kh5 1/2-1/2

[Event "TCh-CHN 2019"]
[Site "China CHN"]
[Date "2019.12.04"]
[Round "19.4"]
[Board "4"]
[White "Huang, Qian"]
[Black "Wang, Yu A."]
[Result "1-0"]
[WhiteTitle "WGM"]
[BlackTitle "IM"]
[WhiteElo "2429"]
[BlackElo "2293"]
[WhiteTeam "Chongqing Jiulongpo Yucai Chess team"]
[BlackTeam "Beijing team"]
[WhiteFideId "8602689"]
[BlackFideId "8601097"]
[EventDate "2019.04.09"]

1. Nf3 d5 2. g3 Nf6 3. Bg2 c6 4. O-O Bf5 5. c4 e6 6. cxd5 exd5 7. d3 Be7 8. Qb3
Qb6 9. Qc2 O-O 10. Nc3 h6 11. e4 dxe4 12. dxe4 Bh7 13. Be3 Qa5 14. Qb3 Qb4 15.
e5 Ne4 16. Qxb4 Bxb4 17. Nxe4 Bxe4 18. Rfd1 Bc2 19. Rdc1 Bh7 20. Rc4 Na6 21. Nd4
Rae8 22. f4 Bd3 23. Rcc1 Bc5 24. Rc3 Bh7 25. Bf1 Bb4 26. Rcc1 Nc7 27. Nb3 f6 28.
a3 Be7 29. Bxa7 fxe5 30. fxe5 Bg5 31. Re1 Rf3 32. Be2 Rf5 33. Bd4 Kh8 34. Bg4
Rff8 35. Nc5 Rd8 36. Bf2 Rd2 37. Re2 Rxe2 38. Bxe2 Re8 39. Nxb7 Rxe5 40. Bf1 Rd5
41. h4 Bf6 42. Rc1 Bxb2 43. Rxc6 Rd1 44. Nc5 Nd5 45. Rc8+ Bg8 46. a4 Kh7 47. Re8
Nc3 48. Re1 Bd5 49. a5 Rxe1 50. Bxe1 Nd1 51. Bd3+ Kg8 52. Be4 Bd4+ 53. Kh2 Bc4
54. Nd3 Ne3 55. Bb4 Kf7 56. h5 Kf6 57. Bc5 Ng4+ 58. Kg2 Bc3 59. Bb6 Kg5 60. Nf4
Nf6 61. Bb7 Nxh5 62. Nxh5 Kxh5 63. a6 Bxa6 64. Bxa6 Kg5 65. Be3+ Kf6 66. Be2 Be5
67. Kh3 Bc3 68. Kg4 Be5 69. Bd3 Bc3 70. Bf4 Bd4 71. Kh5 Bc3 72. Bc7 Be1 73. Bd8+
Kf7 74. g4 Bc3 75. Bc4+ Kf8 76. Kg6 Bd4 77. Ba5 Bf6 78. Bb4+ Ke8 79. Bf7+ Kd8
80. Bf8 1-0

[Event "TCh-CHN 2019"]
[Site "China CHN"]
[Date "2019.12.04"]
[Round "19.4"]
[Board "5"]
[White "Javakhishvili, Lela"]
[Black "Song, Yuxin"]
[Result "1-0"]
[WhiteTitle "IM"]
[BlackTitle "WIM"]
[WhiteElo "2463"]
[BlackElo "2299"]
[WhiteTeam "Chongqing Jiulongpo Yucai Chess team"]
[BlackTeam "Beijing team"]
[WhiteFideId "13601458"]
[BlackFideId "8614300"]
[EventDate "2019.04.09"]

1. d4 Nf6 2. c4 e6 3. Nf3 d5 4. Nc3 Nbd7 5. cxd5 exd5 6. Bg5 c6 7. Qc2 Be7 8. e3
O-O 9. Bd3 Re8 10. O-O h6 11. Bf4 Nf8 12. h3 Ne6 13. Bh2 a6 14. Rad1 Bd6 15. Ne5
c5 16. dxc5 Nxc5 17. Nf3 Bxh2+ 18. Nxh2 Nxd3 19. Qxd3 Be6 20. Nf3 Rc8 21. Rc1
Qe7 22. Nd4 Red8 23. Nce2 Ne4 24. Rxc8 Rxc8 25. f3 Nf6 26. Qd2 Qd6 27. Rc1 Rxc1+
28. Qxc1 Bd7 29. Qc3 b6 30. b4 Ne8 31. Nf4 g5 32. Nfe2 Qc7 33. Qe1 Qe5 34. Qc3
Qc7 35. Kf2 Qxc3 36. Nxc3 Nc7 37. g4 Kf8 38. f4 f6 39. Nce2 Nb5 40. Nxb5 Bxb5
41. Nd4 Bd7 42. Kg3 Ke7 43. h4 Kf7 44. Nf3 gxf4+ 45. Kxf4 Kg6 46. h5+ Kf7 47.
Nd4 Kg7 48. Nf5+ Kh7 49. a3 a5 50. bxa5 bxa5 51. Ne7 Be6 52. Nc6 a4 53. Nd4 Bd7
54. Nf5 Bb5 55. Kf3 Bc4 56. Kf2 Bd3 57. Ne7 Be4 58. Kg3 Kg7 59. Kf4 Kh7 60. Nc8
Bc2 61. Nd6 Kg7 62. Nb5 Bb3 63. Nd4 Bc4 64. Nf5+ Kh7 65. Nd6 Bb3 66. Ne8 Kg8 67.
Nxf6+ Kf7 68. Nd7 Ke6 69. Ne5 Kf6 70. Nf3 Bc2 71. Nd4 Bd1 72. Nf5 Bc2 73. Nxh6
Be4 74. Nf5 Bd3 75. g5+ Kf7 76. g6+ Kf6 77. g7 Kf7 78. h6 Kg8 79. Ne7+ 1-0

[Event "TCh-CHN 2019"]
[Site "China CHN"]
[Date "2019.12.04"]
[Round "19.5"]
[Board "1"]
[White "Xu, Minghui"]
[Black "Predke, Alexandr"]
[Result "0-1"]
[BlackTitle "GM"]
[WhiteElo "2406"]
[BlackElo "2676"]
[WhiteTeam "Zhejiang team"]
[BlackTeam "Guangdong Shenzhen Longgang Chess team"]
[WhiteFideId "8606790"]
[BlackFideId "24107581"]
[EventDate "2019.04.09"]

1. d4 d5 2. Nf3 Nf6 3. c4 dxc4 4. e3 e6 5. Bxc4 c5 6. O-O Nc6 7. Nc3 a6 8. dxc5
Qxd1 9. Rxd1 Bxc5 10. Nd2 O-O 11. Nde4 Nxe4 12. Nxe4 Be7 13. Bd2 Rd8 14. Be1 Bd7
15. Nd6 Rab8 16. Be2 Kf8 17. Rac1 e5 18. Bf3 Be6 19. Nxb7 Rxd1 20. Rxd1 Rxb7 21.
Bxc6 Rxb2 22. a4 Bb4 23. Bxb4+ Rxb4 24. h3 Ke7 25. a5 h6 26. Kf1 Rb3 27. Bd5 Ra3
28. Bxe6 Kxe6 29. Rd8 Rxa5 30. g4 Rd5 31. Ra8 Rd6 32. Ra7 e4 33. Kg2 g5 34. Kg3
f5 35. h4 gxh4+ 36. Kxh4 fxg4 37. Kxg4 Ke5 38. f4+ exf3 39. Kxf3 Rf6+ 40. Ke2
Kf5 41. Kf3 h5 42. Kg3 Kg5 43. Rg7+ Rg6 44. Rc7 Kh6+ 45. Kf4 Rf6+ 46. Kg3 Kg5
47. Rg7+ Rg6 48. Rc7 h4+ 49. Kh3 Rh6 50. Rc5+ Kf6 51. Rc6+ Kg7 52. Rc7+ Kf8 53.
e4 Ke8 54. e5 Kd8 55. Ra7 Kc8 56. e6 Rxe6 57. Kxh4 Kb8 58. Rf7 Rg6 59. Kh5 Rg3
60. Kh4 Rg2 61. Kh3 Rg1 62. Kh4 a5 63. Rf5 a4 64. Ra5 Ra1 65. Kg3 Kb7 66. Kg2
Kb6 67. Ra8 Kb5 68. Rb8+ Kc4 69. Rc8+ Kb3 70. Rb8+ Ka2 71. Kf2 Rb1 72. Ra8 a3
73. Ke2 Kb2 74. Kd3 Rd1+ 75. Ke2 Rd4 76. Rb8+ Kc3 0-1

[Event "TCh-CHN 2019"]
[Site "China CHN"]
[Date "2019.12.04"]
[Round "19.5"]
[Board "3"]
[White "Lu, Shanglei"]
[Black "Xu, Yinglun"]
[Result "0-1"]
[WhiteTitle "GM"]
[BlackTitle "GM"]
[WhiteElo "2612"]
[BlackElo "2555"]
[WhiteTeam "Zhejiang team"]
[BlackTeam "Guangdong Shenzhen Longgang Chess team"]
[WhiteFideId "8603332"]
[BlackFideId "8604940"]
[EventDate "2019.04.09"]

1. e4 c5 2. Nf3 d6 3. d4 cxd4 4. Nxd4 Nf6 5. Nc3 a6 6. Be3 Ng4 7. Bg5 h6 8. Bh4
g5 9. Bg3 Bg7 10. h3 Ne5 11. f3 Nbc6 12. Bf2 Ng6 13. Qd2 Nxd4 14. Bxd4 Bxd4 15.
Qxd4 Qa5 16. h4 gxh4 17. f4 Rg8 18. f5 Ne5 19. Rxh4 b5 20. Rxh6 Bb7 21. O-O-O
Rc8 22. Kb1 Qc7 23. Rh3 Qc5 24. Qd2 Kd7 25. a4 b4 26. Nd5 Rg4 27. f6 Bxd5 28.
exd5 exf6 29. Bxa6 Rcg8 30. Bf1 Ra8 31. Be2 Rg6 32. Bb5+ Ke7 33. Rh4 Rc8 34. Re1
Rcg8 35. Qxb4 Rxg2 36. Qxc5 dxc5 37. Rd1 Kd6 38. Rf4 Ng4 39. Bc6 Ne3 40. Rc1 f5
41. a5 Nxd5 42. Bxd5 Kxd5 43. Rxf5+ Kc6 44. c4 Rb8 45. Rf6+ Kd7 46. Rd1+ Kc7 0-1

[Event "TCh-CHN 2019"]
[Site "China CHN"]
[Date "2019.12.04"]
[Round "19.5"]
[Board "4"]
[White "Li, Xueyi"]
[Black "Ding, Yixin"]
[Result "1/2-1/2"]
[WhiteTitle "WGM"]
[BlackTitle "WGM"]
[WhiteElo "2296"]
[BlackElo "2439"]
[WhiteTeam "Guangdong Shenzhen Longgang Chess team"]
[BlackTeam "Zhejiang team"]
[WhiteFideId "8605912"]
[BlackFideId "8602972"]
[EventDate "2019.04.09"]

1. d4 Nf6 2. c4 e6 3. g3 d5 4. Bg2 dxc4 5. Nf3 Bb4+ 6. Bd2 a5 7. Qc2 O-O 8. Qxc4
Bxd2+ 9. Nbxd2 b6 10. Qc2 Bb7 11. O-O Na6 12. Rad1 c5 13. dxc5 Nxc5 14. Nc4 Qc7
15. b3 Rfd8 16. Qb2 b5 17. Nce5 Nfe4 18. h4 Qb6 19. Nd4 f6 20. Nd3 Nxd3 21. Rxd3
b4 22. Bxe4 Bxe4 23. Rd2 e5 24. Nf3 Rxd2 25. Qxd2 Rd8 26. Qc1 Bb7 27. Rd1 Rc8
28. Qd2 Qc6 29. Qe3 h6 30. Qa7 Qc7 31. Qe3 Ba8 32. Ne1 Qc6 33. f3 Qe6 34. Kh2
Bc6 35. Qb6 e4 36. Rd8+ Rxd8 37. Qxd8+ Kh7 38. Qd2 Bd7 39. Kg1 f5 40. fxe4 fxe4
41. Qe3 Qd5 42. Ng2 g5 43. hxg5 hxg5 44. Qa7 Kg6 45. Qb6+ Kf7 46. Ne3 Qe5 47.
Nf1 Bh3 48. Qe3 Bxf1 49. Kxf1 1/2-1/2

[Event "TCh-CHN 2019"]
[Site "China CHN"]
[Date "2019.12.04"]
[Round "19.5"]
[Board "5"]
[White "Shuvalova, Polina"]
[Black "Zhu, Jiner"]
[Result "1-0"]
[WhiteTitle "WIM"]
[BlackTitle "WIM"]
[WhiteElo "2446"]
[BlackElo "2461"]
[WhiteTeam "Guangdong Shenzhen Longgang Chess team"]
[BlackTeam "Zhejiang team"]
[WhiteFideId "24171760"]
[BlackFideId "8608059"]
[EventDate "2019.04.09"]

1. c4 Nf6 2. Nc3 e6 3. e4 c5 4. e5 Ng8 5. Nf3 Nc6 6. d4 cxd4 7. Nxd4 Nxe5 8.
Ndb5 a6 9. Nd6+ Bxd6 10. Qxd6 f6 11. Be3 Ne7 12. Bb6 Nf5 13. Qb4 Qe7 14. Qxe7+
Kxe7 15. f4 Nf7 16. Bd3 g6 17. Kf2 h5 18. Rhe1 Kf8 19. Bxf5 gxf5 20. c5 d5 21.
cxd6 Bd7 22. Re3 Rc8 23. Bc7 h4 24. Rae1 Kg7 25. h3 Rce8 26. Nb1 Reg8 27. Nd2
Kf8 28. Nf3 Rh7 29. Rxe6 Bxe6 30. Rxe6 Nh8 31. Rxf6+ Ke8 32. Ne5 Rgg7 33. Bb6
Rf7 34. Nxf7 Nxf7 35. Bd4 Kd7 36. Be5 Nh6 37. Kf3 Kc6 38. a4 Kd7 39. Kf2 b5 40.
a5 Rh8 41. Ke3 Rh7 42. Kd4 Kc6 43. b4 Nf7 44. Rxf5 1-0

[Event "TCh-CHN 2019"]
[Site "China CHN"]
[Date "2019.12.04"]
[Round "19.6"]
[Board "2"]
[White "Xu, Xiangyu"]
[Black "Ganguly, Surya Shekhar"]
[Result "1/2-1/2"]
[WhiteTitle "GM"]
[BlackTitle "GM"]
[WhiteElo "2582"]
[BlackElo "2633"]
[WhiteTeam "Chengdu Beilei Youth Chess Club"]
[BlackTeam "Jiangsu team"]
[WhiteFideId "8608288"]
[BlackFideId "5002150"]
[EventDate "2019.04.09"]

1. d4 Nf6 2. Bf4 d5 3. e3 c5 4. dxc5 Nc6 5. Bb5 Ne4 6. b4 a5 7. f3 Nf6 8. c3 g6
9. Ne2 Bg7 10. Nd4 Bd7 11. Bxc6 bxc6 12. Be5 O-O 13. O-O Bh6 14. Bf4 Bg7 15. Be5
Bh6 16. Bf4 Bg7 1/2-1/2

[Event "TCh-CHN 2019"]
[Site "China CHN"]
[Date "2019.12.04"]
[Round "19.6"]
[Board "3"]
[White "Li, Di"]
[Black "Chen, Qi b"]
[Result "1-0"]
[WhiteTitle "GM"]
[BlackTitle "IM"]
[WhiteElo "2543"]
[BlackElo "2445"]
[WhiteTeam "Chengdu Beilei Youth Chess Club"]
[BlackTeam "Jiangsu team"]
[WhiteFideId "8607508"]
[BlackFideId "8614733"]
[EventDate "2019.04.09"]

1. e4 e5 2. Nf3 Nc6 3. Bb5 Nf6 4. O-O Nxe4 5. Re1 Nd6 6. Nxe5 Be7 7. Bf1 Nxe5 8.
Rxe5 O-O 9. d4 Bf6 10. Re1 Re8 11. Nc3 Rxe1 12. Qxe1 b6 13. Bf4 Bb7 14. Bxd6
cxd6 15. Nb5 Bc6 16. c3 Be7 17. Na3 Bf8 18. Qd2 d5 19. Nc2 Qf6 20. Re1 g6 21. g3
a5 22. a3 h5 23. h4 b5 24. Bg2 Qd6 25. Re2 Kh7 26. Qe1 Qb8 27. Ne3 Qd6 28. b4
axb4 29. axb4 Bh6 30. f4 Re8 31. Nf1 Re6 32. Bh3 Re4 33. Nd2 f5 34. Nf3 Qe6 35.
Bf1 d6 36. Kf2 Qc8 37. Qa1 Rxe2+ 38. Bxe2 Kg8 39. Ne1 Bf8 40. Nc2 Qb7 41. Qa5
Bd7 42. Ke1 Be7 43. Kd2 Qb8 44. Na3 Bd8 45. Qa6 Bb6 46. Bxb5 Be6 47. Nc2 Kf7 48.
Bc6 Kf6 49. Qb7 1-0

[Event "TCh-CHN 2019"]
[Site "China CHN"]
[Date "2019.12.04"]
[Round "19.6"]
[Board "4"]
[White "Shen, Yang"]
[Black "Li, Yunshan"]
[Result "1-0"]
[WhiteTitle "IM"]
[BlackTitle "WFM"]
[WhiteElo "2402"]
[BlackElo "2287"]
[WhiteTeam "Jiangsu team"]
[BlackTeam "Chengdu Beilei Youth Chess Club"]
[WhiteFideId "8603162"]
[BlackFideId "8607664"]
[EventDate "2019.04.09"]

1. d4 d5 2. Nf3 Bf5 3. g3 Nf6 4. Bg2 c6 5. Nh4 Bc8 6. O-O g6 7. b3 Bg7 8. Bb2
O-O 9. Nd2 a5 10. a4 b6 11. c4 Bb7 12. Rc1 Na6 13. h3 c5 14. cxd5 cxd4 15. Bxd4
Bxd5 16. Nc4 Bxg2 17. Nxg2 Nd7 18. Bxb6 Nxb6 19. Qxd8 Rfxd8 20. Nxb6 Rab8 21.
Nc4 Rxb3 22. Nxa5 Ra3 23. Nc6 Rd2 24. Ne3 Rxe2 25. Nxe7+ Kf8 26. N7d5 Bd4 27.
Rc4 Bxe3 28. Nxe3 Rea2 29. Rd1 Rxa4 30. Rc8+ Kg7 31. Rdd8 Kf6 32. Re8 h5 33.
Nd5+ Kf5 34. Rc6 Nb4 35. Rf6+ Kg5 36. h4+ Kg4 37. Re4+ Kh3 38. Nf4+ Kg4 39. Ne6+ 1-0

[Event "TCh-CHN 2019"]
[Site "China CHN"]
[Date "2019.12.04"]
[Round "19.6"]
[Board "5"]
[White "Guo, Qi"]
[Black "Atalik, Ekaterina"]
[Result "1-0"]
[WhiteTitle "IM"]
[BlackTitle "IM"]
[WhiteElo "2406"]
[BlackElo "2462"]
[WhiteTeam "Jiangsu team"]
[BlackTeam "Chengdu Beilei Youth Chess Club"]
[WhiteFideId "8604002"]
[BlackFideId "4130189"]
[EventDate "2019.04.09"]

1. d4 d5 2. c4 e6 3. Nc3 Nf6 4. Bg5 Nbd7 5. e3 c6 6. cxd5 exd5 7. Bd3 Be7 8. Nf3
Nh5 9. Bxe7 Qxe7 10. O-O O-O 11. Qb1 g6 12. b4 Ng7 13. b5 Nb6 14. bxc6 bxc6 15.
a4 Bf5 16. Ne5 f6 17. Nxc6 Qc7 18. a5 Qxc6 19. axb6 Qxc3 20. Bxf5 axb6 21. Rxa8
Rxa8 22. Rc1 Qd2 23. Rc2 Qa5 24. Bg4 Ne8 25. Bf3 Kf8 26. h4 Nd6 27. Rc7 Qa1 28.
Rc1 Qxb1 29. Rxb1 Rb8 30. Bxd5 b5 31. Ra1 b4 32. Ra6 Nf5 33. Rxf6+ Ke8 34. Bb3
Nxh4 35. e4 Ra8 36. Rb6 Ra1+ 37. Kh2 Re1 38. Bd5 Rb1 39. Kg3 g5 40. f4 Rb2 41.
fxg5 Nxg2 42. Bg8 Ne1 43. Bxh7 b3 44. e5 Rg2+ 45. Kf4 b2 46. Be4 Rf2+ 47. Ke3
Rh2 48. g6 1-0

[Event "TCh-CHN 2019"]
[Site "China CHN"]
[Date "2019.12.05"]
[Round "20.1"]
[Board "1"]
[White "Zhao, Jun"]
[Black "Li, Di"]
[Result "1/2-1/2"]
[WhiteTitle "GM"]
[BlackTitle "GM"]
[WhiteElo "2639"]
[BlackElo "2543"]
[WhiteTeam "Shandong Jingzhi team"]
[BlackTeam "Chengdu Beilei Youth Chess Club"]
[WhiteFideId "8602522"]
[BlackFideId "8607508"]
[EventDate "2019.04.09"]

1. c4 c5 2. Nf3 Nc6 3. Nc3 g6 4. e3 Nf6 5. d4 cxd4 6. exd4 d5 7. cxd5 Nxd5 8.
Qb3 e6 9. Bb5 Bg7 10. Nxd5 Qxd5 11. Qxd5 exd5 12. Bxc6+ bxc6 13. Bf4 f6 14.
O-O-O Bf5 15. Nd2 Kf7 16. Nb3 a5 17. Rhe1 g5 18. Bd6 a4 19. Nc5 Ra7 20. Nd3 h5
21. Nb4 Bh6 22. Kd2 Rd7 23. Bc5 g4+ 24. Kc3 Be4 25. Rg1 h4 26. Nxc6 Rc7 27. Nb4
Bf8 28. Nd3 Bxd3 29. Kxd3 Bxc5 30. dxc5 Rxc5 31. Rge1 h3 32. g3 Rb5 33. Re2 Rh5
34. Rdd2 Re5 35. Re3 Ke6 36. f3 gxf3 37. Rxf3 Rb4 38. Rdf2 f5 39. Kc2 Rbe4 40.
b3 a3 41. Kd2 Rd4+ 42. Kc3 Rd1 43. Kb4 Rg1 44. Rd3 d4 45. Kxa3 Rg2 46. Rf4 Ra5+
47. Kb4 Raxa2 48. Rfxd4 Rxh2 49. g4 fxg4 50. Rxg4 Rhg2 51. Rh4 h2 52. Rdh3 Kf5
53. Kb5 Rae2 54. b4 Re5+ 55. Ka4 Ree2 56. Ka5 Ra2+ 57. Kb6 Rg4 58. Rh5+ Ke6 59.
b5 Rgg2 60. Kb7 Rg7+ 61. Kb6 Rgg2 62. Rc5 Rac2 63. Rch5 Rgd2 64. Rh6+ Ke7 65.
Rh7+ Kf6 66. Kb7 Re2 67. R7h6+ Kg5 68. R6h5+ Kg4 69. R5h4+ Kg5 70. Rh7 Kg4 71.
R7h4+ Kg5 72. Rh8 Kg4 73. R3h4+ Kg3 74. Rh3+ Kg4 75. R3h7 Rb2 76. b6 Re6 77.
Rh4+ Kg3 78. Rh3+ Kg4 79. R3h4+ Kg3 80. Rh3+ 1/2-1/2

[Event "TCh-CHN 2019"]
[Site "China CHN"]
[Date "2019.12.05"]
[Round "20.1"]
[Board "2"]
[White "Liu, Qingnan"]
[Black "Zhao, Yuanhe"]
[Result "1-0"]
[WhiteTitle "GM"]
[WhiteElo "2533"]
[BlackElo "2470"]
[WhiteTeam "Shandong Jingzhi team"]
[BlackTeam "Chengdu Beilei Youth Chess Club"]
[WhiteFideId "8603294"]
[BlackFideId "8609497"]
[EventDate "2019.04.09"]

1. e4 c5 2. Nf3 Nc6 3. d4 cxd4 4. Nxd4 e5 5. Nb5 a6 6. Nd6+ Bxd6 7. Qxd6 Qe7 8.
Qd1 Nf6 9. Nc3 d6 10. Bg5 Be6 11. Bxf6 Qxf6 12. Qxd6 Rd8 13. Qc5 Nd4 14. Bd3 Rc8
15. Qa3 Qg5 16. Kf1 b5 17. h4 Qe7 18. Qxe7+ Kxe7 19. a3 a5 20. g3 Rhd8 21. Kg2
b4 22. axb4 axb4 23. Ra7+ Kf8 24. Nd5 Rxd5 25. exd5 Bxd5+ 26. Kh2 Nf3+ 27. Kh3
e4 28. Be2 Rxc2 29. Rd1 Be6+ 30. g4 g6 31. Bxf3 exf3 32. Kg3 Kg7 33. g5 h6 34.
Rd6 Bb3 35. Rb7 hxg5 36. hxg5 Rc5 37. Kf4 Rf5+ 38. Kg4 Bc4 39. Rxb4 Be6 40. Kh4
Re5 41. Rb7 Re1 42. Kg3 Re5 43. Kf4 Rf5+ 44. Ke4 Ba2 45. Rd1 Be6 46. Rb4 Rxg5
47. Kxf3 Rc5 48. Rbd4 g5 49. Ke2 Bb3 50. Rg1 Kg6 51. Rg3 Be6 52. Kd2 Kh5 53. b4
Rf5 54. Ke3 Re5+ 55. Re4 Rb5 56. f4 gxf4+ 57. Kxf4 Rf5+ 58. Ke3 Rf1 59. Rd4 f5
60. Rg2 Re1+ 61. Kf4 Rb1 62. Ke5 1-0

[Event "TCh-CHN 2019"]
[Site "China CHN"]
[Date "2019.12.05"]
[Round "20.1"]
[Board "3"]
[White "Wen, Yang"]
[Black "Dubov, Daniil"]
[Result "1/2-1/2"]
[WhiteTitle "GM"]
[BlackTitle "GM"]
[WhiteElo "2586"]
[BlackElo "2690"]
[WhiteTeam "Shandong Jingzhi team"]
[BlackTeam "Chengdu Beilei Youth Chess Club"]
[WhiteFideId "8602956"]
[BlackFideId "24126055"]
[EventDate "2019.04.09"]

1. e4 c5 2. Nf3 Nc6 3. d4 cxd4 4. Nxd4 Nf6 5. Nc3 d6 6. g3 g6 7. Nxc6 bxc6 8.
Bg2 e5 9. O-O Be7 10. b3 h5 11. h3 Be6 12. Bb2 Rc8 13. Ne2 Qd7 14. Kh2 Bd8 15.
Qd3 Bb6 16. Rad1 Rd8 17. Nf4 O-O 18. Nxe6 fxe6 19. Bc1 Qe7 20. Qe2 Rf7 21. f4
exf4 22. Bxf4 e5 23. Bg5 Kg7 24. Qc4 Qd7 25. Rd3 Rdf8 26. Rdf3 d5 27. exd5 cxd5
28. Qe2 e4 29. Rxf6 Rxf6 30. Bxf6+ Rxf6 31. Rxf6 Kxf6 32. c4 Ke5 33. cxd5 Qxd5
34. Qf1 Qd2 35. Qb5+ Kd6 36. Qe8 e3 37. Qc6+ Ke7 38. Qe4+ Kd8 39. Qa8+ Ke7 40.
Qe4+ 1/2-1/2

[Event "TCh-CHN 2019"]
[Site "China CHN"]
[Date "2019.12.05"]
[Round "20.1"]
[Board "4"]
[White "Atalik, Ekaterina"]
[Black "Ning, Kaiyu"]
[Result "1/2-1/2"]
[WhiteTitle "IM"]
[BlackTitle "WIM"]
[WhiteElo "2462"]
[BlackElo "2353"]
[WhiteTeam "Chengdu Beilei Youth Chess Club"]
[BlackTeam "Shandong Jingzhi team"]
[WhiteFideId "4130189"]
[BlackFideId "8614750"]
[EventDate "2019.04.09"]

1. d4 d5 2. c4 e6 3. Nf3 Nf6 4. g3 dxc4 5. Bg2 Nc6 6. Qa4 Bb4+ 7. Bd2 Nd5 8.
Bxb4 Nxb4 9. Na3 Rb8 10. O-O O-O 11. Qb5 b6 12. Qxc4 Ba6 13. Nb5 Qe8 14. a4 Qe7
15. Rfc1 Rfd8 16. e3 Rbc8 17. Qc3 Bxb5 18. axb5 Na5 19. Ne5 c5 20. bxc6 Rc7 21.
Ra4 Nd5 22. Bxd5 exd5 23. b4 Nc4 24. b5 Nd6 25. Qb3 Qe6 26. Rca1 Nc8 27. Nd7 h5
28. h4 f6 29. Qd1 Nd6 30. Qe2 Nxb5 31. Qxb5 Rxc6 32. Rxa7 Rxd7 33. Rxd7 Qxd7 34.
Ra8+ Kh7 35. Qb1+ f5 36. Rf8 g6 37. Qb4 Qd6 38. Qxd6 Rxd6 39. Kg2 Kg7 40. Rb8
Kf7 41. Kf3 Ke7 42. Kf4 Re6 43. Kf3 Kd7 44. Ke2 Rd6 45. Kd3 Kc6 46. Kc3 Kb5 47.
Kb3 Ka5 48. Ra8+ Kb5 49. Re8 Ka5 50. Re5 Kb5 51. f3 Kc6 52. Kb4 Kd7 53. Kb5 Kd8
54. g4 hxg4 55. fxg4 fxg4 56. Rg5 Ke7 57. Rxg4 Re6 58. Rg5 Rxe3 59. Rxd5 Ke6 60.
Rg5 Re4 61. Rxg6+ Kd7 62. Rg7+ Kd6 63. h5 Rxd4 64. h6 Rh4 65. Rg6+ Ke5 66. Kxb6 1/2-1/2

[Event "TCh-CHN 2019"]
[Site "China CHN"]
[Date "2019.12.05"]
[Round "20.1"]
[Board "5"]
[White "Ren, Xiaoyi"]
[Black "Yan, Tianqi"]
[Result "1-0"]
[WhiteElo "2253"]
[BlackElo "2240"]
[WhiteTeam "Chengdu Beilei Youth Chess Club"]
[BlackTeam "Shandong Jingzhi team"]
[WhiteFideId "8608709"]
[BlackFideId "8615250"]
[EventDate "2019.04.09"]

1. d4 Nf6 2. c4 e6 3. g3 d5 4. Bg2 dxc4 5. Nf3 Nc6 6. O-O Rb8 7. a4 b6 8. Bg5
Be7 9. Nbd2 Ba6 10. Rc1 Nxd4 11. Nxd4 Qxd4 12. Bc6+ Kf8 13. Nxc4 Rd8 14. Qb3 Qc5
15. Bxf6 gxf6 16. Na3 Qb4 17. Qe3 Qxb2 18. Qh6+ Kg8 19. Nb5 Bf8 20. Qh5 Qe5 21.
Qg4+ Qg5 22. Qf3 Qe5 23. Rfd1 Rxd1+ 24. Rxd1 h5 25. Rd7 Bxb5 26. axb5 Bd6 27. h4
Kg7 28. Kg2 Qa1 29. Qe4 Qe5 30. Qd3 Qc5 31. Qb3 Qe5 32. Qa2 Rf8 33. e3 Rh8 34.
Qxa7 Rf8 35. Qa4 Qc5 36. Qb3 Kh6 37. Qd3 Qe5 38. Bf3 Qc5 39. Bd1 Qe5 40. Bc2 f5
41. Qe2 Qd5+ 42. Kg1 Qa2 43. Qd2 Qc4 44. Bd3 Qb4 45. Qc1 Qa3 46. Qc2 Qa1+ 47.
Kg2 Qa8+ 48. e4 f4 49. Qc3 e5 50. gxf4 Qe8 51. Qc6 Rg8+ 52. Kf1 Qe6 53. fxe5
Bxe5 54. Rxf7 Qxc6 55. bxc6 Rg4 56. Re7 Bd6 57. Re6+ Kg7 58. Rxd6 1-0